书目信息 |
| 题名: |
体育概论
|
|
| 作者: | 叶加宝 , 苏连勇 主编 | |
| 分册: | ||
| 出版信息: | 北京 北京体育大学出版社 2005 |
|
| 页数: | 240页 | |
| 开本: | 21cm | |
| 丛书名: | ||
| 单 册: | ||
| 中图分类: | G80 | |
| 科图分类: | ||
| 主题词: | 体育--概论 , 体育理论 | |
| 电子资源: | ||
| ISBN: | 7-81100-427-5 | |
| 000 | 00769nam0 2200241 450 | |
| 001 | 003010782 | |
| 005 | 20061105100054.62 | |
| 010 | @a7-81100-427-5@dCNY18.00 | |
| 100 | @a20051101d2005 em y0chiy0110 ea | |
| 101 | 0 | @achi |
| 102 | @aCN@b110000 | |
| 105 | @ay z 000yy | |
| 200 | 1 | @a体育概论@9ti yu gai lun@f叶加宝,苏连勇主编 |
| 210 | @a北京@c北京体育大学出版社@d2005 | |
| 215 | @a240页@d21cm | |
| 330 | @a本书分为十四章,介绍了体育的产生、体育的未来、体育的概念、体育手段、体育体制、体育科学、学校体育、竞技体育、社会体育等内容。 | |
| 606 | 0 | @a体育@x概论 |
| 606 | 0 | @a体育理论 |
| 690 | @aG80@v4 | |
| 701 | 0 | @a叶加宝@9ye jia bao@f(1970.4~)@4主编 |
| 701 | 0 | @a苏连勇@9su lian yong@f(1954~)@4主编 |
| 801 | 0 | @aCN@bNLC@c20061105 |
| 905 | @a10447@dG80@e202 | |
| 体育概论/叶加宝,苏连勇主编.-北京:北京体育大学出版社,2005 |
| 240页;21cm |
| ISBN 7-81100-427-5:CNY18.00 |
| 本书分为十四章,介绍了体育的产生、体育的未来、体育的概念、体育手段、体育体制、体育科学、学校体育、竞技体育、社会体育等内容。 |
| ● |
| 相关链接 |
|
|
|
|
正题名:体育概论
索取号:G80/202
 
预约/预借
| 序号 | 登录号 | 条形码 | 馆藏地/架位号 | 状态 | 备注 |
| 1 | 0381193 | 203811937 | 第一样本阅览室/ [索取号:G80/202] | 在馆 | |
| 2 | 0381194 | 203811946 | 第四借阅区/ [索取号:G80/202] | 在馆 | |
| 3 | 0381195 | 203811955 | 第四借阅区/ [索取号:G80/202] | 在馆 | |
| 4 | 0381196 | 203811964 | 第四借阅区/ [索取号:G80/202] | 在馆 | |
| 5 | 0381197 | 203811973 | 第四借阅区/ [索取号:G80/202] | 在馆 |